| 000 | 00601nam a2200193 i 4500 | ||
|---|---|---|---|
| 001 | 35256 | ||
| 003 | ES-MaACL | ||
| 005 | 20230906155104.0 | ||
| 007 | t| | ||
| 008 | 030212s1963 sp ||||1| spa d | ||
| 100 | 1 |
_aBottineau, Yves. _930805 |
|
| 245 | 1 | 0 |
_aPortugal / _cYves Bottineau ; cubierta de Yves Brayer ; traducción de María Dolores Raich Ullán. |
| 250 | _a[1ª ed.]. | ||
| 260 |
_aBarcelona : _bJuventud, _c[1963] |
||
| 300 |
_a120 p., 38 lám. ; _c23 cm. |
||
| 700 | 1 |
_aBrayer, Yves. _931528 |
|
| 700 | 1 |
_aRaich Ullán, María Dolores. _995020 |
|
| 852 |
_aES-MaACL _jC-24043 _bR.52890 |
||
| 999 |
_c35256 _d35256 |
||